Problemas y políticas del financiamiento oficial multilateral: recursos, evaluación, condicionalidad, grupos consultivos Jorge Marshall
sin resumen
Guardado en:
| Hovedforfatter: | |
|---|---|
| Andre forfattere: | , , |
| Format: | Texto |
| Sprog: | Spanish |
| Fag: | |
| Tags: |
Tilføj Tag
Ingen Tags, Vær først til at tagge denne postø!
|
MARC
| LEADER | 00000 a a2200000 04500 | ||
|---|---|---|---|
| 001 | 1412 | ||
| 003 | cru CIDCACS/IIS | ||
| 005 | 20201104161727.0 | ||
| 008 | 201104b ||||| |||| 00| 0 spa d | ||
| 999 | |c 10722 |d 10722 | ||
| 040 | |c CRAI/IIS | ||
| 100 | |a Marshall, Jorge | ||
| 245 | 1 | |a Problemas y políticas del financiamiento oficial multilateral: recursos, evaluación, condicionalidad, grupos consultivos |b Jorge Marshall | |
| 300 | |a páginas 101-139 | ||
| 520 | |a sin resumen | ||
| 651 | 0 | |9 308 |a CENTROAMERICA | |
| 700 | |a Durán, Esperanza | ||
| 700 | |a Pollock, David | ||
| 700 | |a Lavergne, Real P. | ||
| 773 | 0 | |0 43477 |9 5003 |a Marshall, Jorge |d Buenos Aires : Grupo Editor Latinoamericano, 1989 |o MFN: 1409 |t Colección Estudios Internacionales / | |
| 942 | |2 ddc |c LI | ||
